Match the Books, Authors and Characters Quiz Stats

 Plays Quiz not verified by Sporcle

Challenge
Share
Tweet
Score 0/10 Timer 04:00
0 Plays Today
% Correct
Harry Potter & The Deathy Hallows
97.6%
The Hound of the Baskervilles
92.7%
The Wonderful Wizard of Oz
89.4%
The Cat in the Hat
86.2%
A Clash of Kings
82.9%
The Fault in our Stars
67.5%
Along Came A Spider
61%
Darkly Dreaming Dexter
36.6%
The Cuckoos Calling
32.5%
The Crucifix Killer
19.5%

You're not logged in!

Compare scores with friends on all Sporcle quizzes.
OR
Log In

You Might Also Like...

Show Comments

Extras

Top Quizzes Today


Score Distribution

Your Account Isn't Verified!

In order to create a playlist on Sporcle, you need to verify the email address you used during registration. Go to your Sporcle Settings to finish the process.

Report this User

Report this user for behavior that violates our Community Guidelines.

Details: